00667nam a2200157Ia 4500008004100000100002500041245007000066245013200136260005300268260000900321300001100330650001500341856006100356999001900417952007300436170221s9999 xx 000 0 und d aNatalya А. Knyazeva aPsychological and Managerial Problems of Modern Higher Education  cNatalya А. Knyazeva, Aleksandr G. Gryaznukhin, Pavel A. Kislyakov, Vladimir I. Esaulov, Yulia I. Kekteeva, Zinaida V. Polivara bInternational Review of Management and Marketing c2016 a6 : 1S xMarketing. uhttp://www.econjournals.com/index.php/irmm/issue/view/70 c308420d308420 001040aCLbCLd2017-02-21l0r2017-02-21 00:00:00w2017-02-21yFOJ